000 00364nam a2200133Ia 4500
003 GCL
008 140319s9999 xx 000 0 ara d
040 _aGCL /
_cGCL
082 0 4 _a227
_bم ت
245 1 0 _aتفسير سورة محمد: دراسة تحليلية موضوعية
260 _a[S.N] :
_bمكتبة اليسر ،
_c1990
300 _a212 ص
490 _a
999 _c35587
_d35587